Vegedream - Merci les Bleus (paroles) - Statistiques

Statistiques générales
  • Ce quiz a été pris 48 fois
  • Le résultat moyen est 39 sur 116
Statistiques - réponses
nombre mot % Correct
4 la
78%
24 Bleus
75%
24 les
75%
20 à
73%
1 a
73%
10 de
70%
32 merci
68%
1 ça
65%
3 c'est
65%
12 vous
63%
4 Mbappé
58%
10 on
58%
1 (on
58%
4 Griezmann
55%
24 allez
53%
4 Anto
53%
2 en
53%
4 Antoine
50%
1 Vegedream
48%
1 au
45%
2 Deschamps
45%
1 Lloris
45%
8 oh
45%
8 Upamecano
45%
1 Dembélé
43%
2 Giroud
43%
4 Kylian
43%
2 Didier
40%
7 eh
40%
11 Kyky
40%
3 Oliv
40%
2 Olivier
40%
1 attaque
38%
2 Dayot
38%
8 est
38%
1 Hernandez
38%
1 Konaté
38%
1 (Konaté)
38%
1 Tchouaméni
38%
1 (Tchouaméni)
38%
1 Théo
38%
1 Areola
35%
7 Bondy
35%
2 Cama
35%
2 Camavinga
35%
2 défense
35%
8 ensemble
35%
1 Kolo
35%
4 Muani
35%
1 Rabiot
35%
1 va)
35%
1 Lucas
33%
4 Ousmane
33%
1 s'appelle
33%
1 Thuram
33%
2 toi
33%
1 Aurélien
30%
4 Randal
30%
1 Eduardo
30%
1 et
30%
1 Marcus
30%
1 milieu
30%
1 Saliba
30%
1 y
30%
3 bien
28%
2 (bien
28%
1 Coman
28%
1 Koundé
28%
2 il
28%
1 même
28%
1 qu'il
28%
1 terrain
28%
1 2022
25%
1 Disasi
25%
1 dit
25%
1 (Fofana)
25%
1 Fofana
25%
1 garçon
25%
1 jamais
25%
1 l'année
25%
1 mafé
25%
1 Mandanda
25%
1 meilleur
25%
1 Pavard
25%
1 affûté
23%
1 buteur
23%
1 contrôle
23%
1 affûté)
23%
1 Kingsley
23%
1 Varane
23%
1 Veretout
23%
2 attiéké
20%
1 attiéké)
20%
1 Axel
20%
1 Guendouzi
20%
1 fait
20%
1 mignon
20%
2 personne
20%
1 tour
20%
1 trembler
20%
4 ah
18%
1 béni
18%
1 Gagnoa
18%
1 légende
18%
1 l'enfant
18%
1 niveau
18%
1 n'oubliera
18%
2 ouais
18%
1 révolte
18%
1 sonné
18%
1 ton
18%
1 n'a
15%
1 n'impressionne
15%
1 yeah
15%
1 Mattéo
13%
4 ih
10%
Aucun quiz correspondant
Distribution des résultats
% des personnes avec chaque résultat
Percentile par nombre de réponses
Votre historique - résultats
Vous n’avez pas pris ce quiz